LEGENDRE POLYNOMIALS USED FOR THE APPROXIMATION OF CYLINDRICAL SURFACES

Bibliographic Details
Main Authors: Janecki, Dariusz (Author), Stępień, Krzysztof (Author)
Format: Article
Language:English

MARC

LEADER 00000nab a2200000ua 4500
001 vtls010846243
003 SK-MaSNL
005 20260303140331.0
008 230218s2005 xo |||||||||||||||||eng|
035 |a (urnnbn)urn:nbn:sk:snk:ar-a075d2 
035 |a urn:nbn:sk:snk-ab67oj 
035 |a (uuid)d4bc40d3-5afe-4d6e-bab4-87e0541603bc 
040 |a SNKBUCL  |b slo  |c SNKBUCL  |e AACR2 
041 0 |a eng 
044 |a xo  |c SK 
100 1 |a Janecki, Dariusz  |4 aut  |9 775233 
245 1 0 |a LEGENDRE POLYNOMIALS USED FOR THE APPROXIMATION OF CYLINDRICAL SURFACES  |c Dariusz Janecki, Krzysztof Stępień 
700 1 |a Stępień, Krzysztof  |4 aut  |9 775234 
773 0 |t Komunikácie : vedecké listy Žilinskej univerzity  |g Roč. 7, č. 4 (2005), s. 59-61 
958 |a OND 
958 |a EUIPO 
958 |a article5 
999 |c 1971321  |d 1973251